System - Wide explorations in International economics, input - ouput analysis, and marketing research
Guardado en:
| Autor principal: | |
|---|---|
| Formato: | Libro |
| Lenguaje: | inglés |
| Publicado: |
Amsterdam
North-Holland Publishing Company
1980
|
| Colección: | Professor Dr. P. Hennipman lectures in economics - theory, institutions, policy
Vol. 2 |
| Etiquetas: |
Sin Etiquetas, Sea el primero en etiquetar este registro!
|
MARC
| LEADER | 00000nam a2200000 4500 | ||
|---|---|---|---|
| 001 | c131805 | ||
| 005 | 20041019155253.4 | ||
| 041 | 0 | |a eng | |
| 044 | |a NL | ||
| 245 | 1 | 0 | |a System - Wide explorations in International economics, input - ouput analysis, and marketing research |c H. Theil |
| 264 | 1 | |a Amsterdam |b North-Holland Publishing Company |c 1980 | |
| 300 | |a 143 s. | ||
| 490 | 1 | |a Professor Dr. P. Hennipman lectures in economics - theory, institutions, policy |v Vol. 2 | |
| 830 | 0 | |a Professor Dr. P. Hennipman lectures in economics - theory, institutions, policy |v Vol. 2 | |
| 100 | 1 | |a Theil, H. | |